Get the Picture: Fast Food Quiz Stats

 Plays Quiz Updated Oct 18, 2019

Score 0/16 Timer 02:00
0 Plays Today
Question Answer Wrong Answers
Big Mac McDonald's
92.5%
Burger King
1.8%
Wendy's
0.1%
Hardee's
0.2%
Whopper Jr. Burger King
89.8%
McDonald's
2.8%
Wendy's
1.2%
Hardee's
0.9%
Filet-O-Fish McDonald's
89%
Burger King
2.4%
Wendy's
1.6%
Hardee's
1.6%
Quarter Pounder with Cheese McDonald's
86.4%
Burger King
6.7%
Wendy's
1.1%
Hardee's
0.5%
Classic Chocolate Frosty Wendy's
78.8%
McDonald's
4.5%
Burger King
3.2%
Hardee's
7.8%
Dave's Double Wendy's
73%
McDonald's
1%
Burger King
3%
Hardee's
17.5%
Chili & Cheese Baked Potato Wendy's
71.8%
McDonald's
1.8%
Burger King
3.8%
Hardee's
16.8%
Made from Scratch Biscuit Hardee's
71.6%
McDonald's
7.1%
Burger King
4.2%
Wendy's
11.6%
Crispy Curls Hardee's
67.1%
McDonald's
2.2%
Burger King
11.1%
Wendy's
14.1%
1/3 lb. Original Thickburger Hardee's
64.6%
McDonald's
3.1%
Burger King
10.9%
Wendy's
15.7%
Baconator Wendy's
57.4%
McDonald's
4.6%
Burger King
21.5%
Hardee's
11%
Sourdough King Burger King
54.8%
McDonald's
1.1%
Wendy's
7%
Hardee's
31.4%
Bacon, Egg & Cheese Croissan’wich Burger King
51.8%
McDonald's
23.8%
Wendy's
8.3%
Hardee's
10.5%
Snack Wrap McDonald's
50%
Burger King
8.7%
Wendy's
15%
Hardee's
21%
Hash Rounds Hardee's
49.1%
McDonald's
9.3%
Burger King
24.9%
Wendy's
10.9%
Rodeo Crispy Chicken Burger King
19%
McDonald's
2.5%
Wendy's
13.2%
Hardee's
59.8%

Today's Daily Dose

Missing Word
1940s A-Z

Quick Pick
'S' Athletes

Get the Picture
Depp or Bonham Carter

You're not logged in!

Compare scores with friends on all Sporcle quizzes.
OR
Log In

Sporcle TV

Today on Sporcle TV


Watch our educational content, quiz creation guides, and fun videos on Sporcle TV.

Show Comments

Extras

Top Quizzes Today


Score Distribution

Your Account Isn't Verified!

In order to create a playlist on Sporcle, you need to verify the email address you used during registration. Go to your Sporcle Settings to finish the process.

Report this User

Report this user for behavior that violates our Community Guidelines.

Details: